| 000 | 00362nam a22001337a 4500 | ||
|---|---|---|---|
| 005 | 20200619094141.0 | ||
| 008 | 200619b xxu||||| |||| 00| 0 eng d | ||
| 082 | _a345.4 LIC | ||
| 245 | _aLABOUR AND INDUSTRIAL CASES [2003] [VOL-02] APRIL TO JUNE | ||
| 260 |
_aMUMBAI _bALL INDIA REPORTER, PVT. LTD. |
||
| 300 | _a1920;p | ||
| 650 |
_aLAW _95701 |
||
| 942 | _cJRL | ||
| 999 |
_c7262 _d7260 |
||